5HLuxD.jpg

KING HENRY VIII SENIOR AND PRIMARY SCHOOL LIBRARY OPAC

MURRAY AND BUN! (Record no. 6036)

000 -LEADER
fixed length control field 00711nam a22002177a 4500
005 - DATE AND TIME OF LATEST TRANSACTION
control field 20260127162043.0
008 - FIXED-LENGTH DATA ELEMENTS--GENERAL INFORMATION
fixed length control field 260127b ||||| |||| 00| 0 eng d
020 ## - INTERNATIONAL STANDARD BOOK NUMBER
International Standard Book Number 9780008740795
040 ## - CATALOGING SOURCE
Transcribing agency KH8
082 ## - DEWEY DECIMAL CLASSIFICATION NUMBER
Classification number 823.00
100 ## - MAIN ENTRY--PERSONAL NAME
Personal name STOWER,ADAM
Relator term AUTHOR
245 ## - TITLE STATEMENT
Title MURRAY AND BUN!
Remainder of title MURRAY the GHOSTHUNTER
260 ## - PUBLICATION, DISTRIBUTION, ETC.
Place of publication, distribution, etc. Macken House,39/40 Mayor Street Upper,Dublin 1,D01 C9W8,Ireland
Name of publisher, distributor, etc. HarperCollinsPublishers
Date of publication, distribution, etc. 2025
300 ## - PHYSICAL DESCRIPTION
Extent 166 pages
Other physical details b illustration
Dimensions 13 cm x 20 cm
520 ## - SUMMARY, ETC.
Summary, etc. SOMETIMES Murray's enchanted cat flap leads to the garden...but mostly it leads to ADVENTURE!
650 ## - SUBJECT ADDED ENTRY--TOPICAL TERM
Topical term or geographic name entry element Juvenile Fiction
655 ## - INDEX TERM--GENRE/FORM
Genre/form data or focus term Spooky
655 ## - INDEX TERM--GENRE/FORM
Genre/form data or focus term Adventure
655 ## - INDEX TERM--GENRE/FORM
Genre/form data or focus term Mystery
942 ## - ADDED ENTRY ELEMENTS (KOHA)
Source of classification or shelving scheme
Koha item type Books - Fiction
Holdings
Withdrawn status Lost status Source of classification or shelving scheme Damaged status Not for loan Collection code Permanent Location Current Location Shelving location Date acquired Total Checkouts Full call number Barcode Date due Date last seen Date last checked out Price effective from Koha item type Public note
          Fiction KH8 Primary School Library KH8 Primary School Library Fiction 2026-01-27 4 823.00 STO KHPL000008253 2026-04-23 2026-04-15 2026-04-15 2026-01-27 Books - Fiction PRIMARY LIBRARY

Powered By KH8 IT Dept